000 00780nam a2200217 a 4500
001 BRCA_2082
005 20190320203647.0
008 080808s1989----mx-a---###---#000-0#spa-#
050 4 _aF1391.P8
_b.L43 8
_c1989
100 1 _aLeón-Portilla, Miguel
_9504
245 1 0 _aTres poetas prehispánicos en Puebla
_cMiguel León-Portilla.
250 _a2
260 _aPuebla, México
_bGobierno del Estado de Puebla : Secretaría de Cultura : Comisión Puebla V Centenario
_c1989
300 _a27 p.
_bil.
_c21 cm.
440 0 _aLecturas Históricas de Puebla
_n8
_96325
651 4 _aPuebla (México)
_xHistoria
_9409
651 4 _aPuebla (México)
_xVida social y costumbres
_9408
651 4 _aPuebla (México)
_xPoetas prehispánicos
_96326
653 0 _aVida cotidiana
942 _2lcc
_cB
999 _c1839
_d1839